| 000 | 01334cam a22003495a 4500 | ||
|---|---|---|---|
| 001 | 13173261 | ||
| 005 | 20150916121221.0 | ||
| 008 | 030423t2003 enka frb f001 0 eng | ||
| 010 | _a 2003050336 | ||
| 020 | _a0750651059 | ||
| 020 | _a9780750651059 | ||
| 040 |
_aDLC _beng _cDLC _dEG-ScBUE |
||
| 042 | _apcc | ||
| 082 | 0 | 0 |
_a620.136 _bADV _222 |
| 245 | 0 | 0 |
_aAdvanced concrete technology / _cedited by John Newman, Ban Seng Choo. |
| 260 |
_aOxford: _bButterworth-Heinemann / Elsevier , _cc.2003. |
||
| 300 |
_axxvii,1 v. (various pagings) : _bill. ; _c25 cm. |
||
| 500 | _aIndex : p. 1/1 - 1/21. | ||
| 504 | _aIncludes bibliographical references . | ||
| 505 | 0 | _av. 2. Concrete Properties -- v. 4. Testing and Quality -- v. 3 .. Processes -- v. 1. Constituent Materials. | |
| 590 | _aMohamed Hussein Reviewed by; Wessam | ||
| 650 | 0 |
_aConcrete. _95564 _2BUEsh |
|
| 650 | 0 |
_aConcrete construction. _95565 _2BUEsh |
|
| 651 | _2BUEsh | ||
| 653 | _bENGCIV | ||
| 655 |
_vReading book _934232 |
||
| 700 | 1 |
_aNewman, John _q(John Brian), _d1938- _95566 _eeditor. |
|
| 700 | 1 |
_aChoo, Ban Seng _95567 _eeditor. |
|
| 856 | 4 | 2 |
_3Publisher description _uhttp://www.loc.gov/catdir/description/els031/2003050336.html |
| 856 | 4 | 1 |
_3Table of contents _uhttp://www.loc.gov/catdir/toc/els031/2003050336.html |
| 942 |
_2ddc _cBB _k620.136 ADV |
||
| 999 |
_c11677 _d11677 |
||